Top 10 most important and famous people from Chile - Statistics

General Stats
  • This quiz has been taken 30 times
  • The average score is 5 of 10
Answer Stats
Hint Answer % Correct
Dictator and general who ruled Chile from 1973 to 1990 Augusto Pinochet
100%
The national poet of Chile, winner of Nobel Prize in Literature in 1971 Pablo Neruda
78%
Footballer, who played in Barcelona and Arsenal Alexis Sánchez
74%
Writer, author of The House of the Spirits and City of the Beasts Isabel Allende
74%
President from 1970 to 1973. He was the first Marxist to be elected president in a liberal democracy in Latin America Salvador Allende
74%
Singer and songwriter killed by the Chilean military regime Víctor Jara
41%
Navy officer killed in the Battle of Iquique, during the War of the Pacific in XIX century Arturo Prat
30%
General, considered one of the founders of independent Chile José Miguel Carrera
30%
Lawyer and guerrilla leader, considered one of the founders of independent Chile Manuel Rodríguez Erdoíza
15%
Writer, author of The Story of The Cat Who Taught seagulls To Fly Luis Sepúlveda
11%
No matching quizzes found
Score Distribution
Percent of People with Each Score
Percentile by Number Answered
Your Score History
You have not taken this quiz